| 000 | 00390nam a22001337a 4500 | ||
|---|---|---|---|
| 999 |
_c532614 _d532614 |
||
| 020 | _a9788197413575 | ||
| 082 | _aA6x51 Sh14 | ||
| 100 |
_aShailendra Kumar _959135 |
||
| 245 |
_aChina's u- turn: towards forbidden city _cby Shailendra Kumar |
||
| 260 |
_aGurugram _bOak Bridge _c2024 |
||
| 300 | _a243p. | ||
| 650 |
_aHistory - China _959136 |
||
| 650 |
_aChina - Politics and government _959137 |
||